=LDR 00000nam 2200000 4500 =001 INLIS000000000023765 =005 20130612122409 =008 ***********************************Ind** =035 ##$$0010-061300000023765 =041 ##$$a Ind =082 ##$$a 028.5 =090 ##$$a 028.5, Wah p =100 ##$$a Wahidin, Nur =245 ##$$a Perang dijaln Allah, Jihad sabillah, Nur Waidin =260 ##$$a 2000 $b Bandung =300 ##$$a 152 hlm, ilus, 21 cm =650 ##$$a Perang di jalan ALLah =850 ##$$a NBPNMAT